00317nam a2200121Ia 4500008004100000082001600041100002000057245003500077250000800112260005100120300000900171650001500180191201s2007 xx 000 0 und d a005.26bHAM aHall, Douglas V 0aMicroprocessor and Interfacing aRep aN.DelhibTata mc Graw Hill Pubg. co. Ltdc2007 a9.27 aB.Tech(TE)